Vainqueurs de la Supercoupe d'Espagne - Statistiques

Statistiques générales
  • Ce quiz a été pris 323 fois
    163 depuis la dernière actualisation
  • Le résultat moyen est 34 sur 41
Statistiques - réponses
Année Vainqueur % Correct
1983 FC Barcelone
99%
1991 FC Barcelone
99%
1992 FC Barcelone
99%
1994 FC Barcelone
99%
1996 FC Barcelone
99%
2005 FC Barcelone
99%
2006 FC Barcelone
99%
2009 FC Barcelone
99%
2010 FC Barcelone
99%
2011 FC Barcelone
99%
2013 FC Barcelone
99%
2016 FC Barcelone
99%
2018 FC Barcelone
99%
2023 FC Barcelone
99%
2025 FC Barcelone
99%
1988 Real Madrid
99%
1989 Real Madrid
99%
1990 Real Madrid
99%
1993 Real Madrid
99%
1997 Real Madrid
99%
2001 Real Madrid
99%
2003 Real Madrid
99%
2008 Real Madrid
99%
2012 Real Madrid
99%
2017 Real Madrid
99%
2020 Real Madrid
99%
2022 Real Madrid
99%
2024 Real Madrid
99%
2007 Séville FC
86%
1999 Valence CF
77%
1995 Deportivo La Corogne
56%
2000 Deportivo La Corogne
56%
2002 Deportivo La Corogne
56%
1982 Real Sociedad
53%
1984 Athletic Bilbao
41%
2015 Athletic Bilbao
41%
2021 Athletic Bilbao
41%
1998 RCD Majorque
25%
1985 Atlético de Madrid
18%
2014 Atlético de Madrid
18%
2004 Real Saragosse
15%
Aucun quiz correspondant
Distribution des résultats
% des personnes avec chaque résultat
Percentile par nombre de réponses
Votre historique - résultats
Vous n’avez pas pris ce quiz depuis la dernière actualisation